Drawing and Tracing / (Record no. 183029)
[ view plain ]
| 000 -LEADER | |
|---|---|
| fixed length control field | 00583 a2200169 4500 |
| 003 - CONTROL NUMBER IDENTIFIER | |
| control field | Nust |
| 005 - DATE AND TIME OF LATEST TRANSACTION | |
| control field | 20230217102712.0 |
| 040 ## - CATALOGING SOURCE | |
| Transcribing agency | Nust |
| 082 ## - DEWEY DECIMAL CLASSIFICATION NUMBER | |
| Classification number | 604.2,SMI |
| 100 ## - MAIN ENTRY--PERSONAL NAME | |
| Personal name | Smith H.P |
| 9 (RLIN) | 109182 |
| 245 ## - TITLE STATEMENT | |
| Title | Drawing and Tracing / |
| Statement of responsibility, etc. | H.P Smith |
| 260 ## - PUBLICATION, DISTRIBUTION, ETC. | |
| Place of publication, distribution, etc. | London |
| Name of publisher, distributor, etc. | Crosby |
| 300 ## - PHYSICAL DESCRIPTION | |
| Extent | 80p |
| 505 ## - FORMATTED CONTENTS NOTE | |
| Formatted contents note | Introduction (Page-1) ,Drawing (Page-7),Tracing (Page-21), Lettering (Page-36), Coloring (Page-48), Erasing (Page-54), Photo prints form tracing (Page-60), Special drafting and notes (Page-63), Detailing (Page-69). |
| 650 ## - SUBJECT ADDED ENTRY--TOPICAL TERM | |
| Topical term or geographic name entry element | Drawing and Tracing |
| 9 (RLIN) | 109183 |
| 942 ## - ADDED ENTRY ELEMENTS (KOHA) | |
| Source of classification or shelving scheme | |
| Koha item type | Book |
| Withdrawn status | Lost status | Source of classification or shelving scheme | Damaged status | Not for loan | Collection code | Permanent Location | Current Location | Date acquired | Total Checkouts | Full call number | Barcode | Date last seen | Price effective from | Koha item type | Shelving location | Public note |
|---|---|---|---|---|---|---|---|---|---|---|---|---|---|---|---|---|
| Military College of Signals (MCS) | Military College of Signals (MCS) | 12/12/2016 | 604.2 SMI | MCS5975 | 12/08/2016 | 12/12/2016 | Book | |||||||||
| Military College of Signals (MCS) | Military College of Signals (MCS) | 12/12/2016 | 604.2,SMI | MCS5996 | 12/08/2016 | 12/12/2016 | Book | General Stacks | Almirah No.71, Shelf No.3 |
